|
|
|
|
| LEADER |
00000nam0a2200000 4500 |
| 001 |
261873 |
| 005 |
20231101233613.0 |
| 035 |
|
|
|a (RuTPU)RU\TPU\book\284855
|
| 090 |
|
|
|a 261873
|
| 100 |
|
|
|a 20140528d1988 k y0rusy50 ca
|
| 101 |
0 |
|
|a rus
|
| 102 |
|
|
|a RU
|
| 105 |
|
|
|a a z 101zy
|
| 200 |
1 |
|
|a Состав и процессы глубинных зон континентальной литосферы
|e тезисы докладов международного симпозиума, 30 мая-2 июня 1988 г., Новосибирск
|f Академия наук СССР (АН СССР), Сибирское отделение (СО), Институт геологии и геофизики (ИГиГ) ; под ред. Н. В. Соболева
|
| 210 |
|
|
|a Новосибирск
|c Изд-во геологии и геофизики СО АН СССР
|d 1988
|
| 215 |
|
|
|a 215 с.
|c ил.
|
| 320 |
|
|
|a Библиография в конце докладов.
|
| 606 |
1 |
|
|a Литосфера
|2 stltpush
|3 (RuTPU)RU\TPU\subj\40435
|9 60284
|
| 610 |
1 |
|
|a глубинные зоны
|
| 610 |
1 |
|
|a континентальная литосфера
|
| 610 |
1 |
|
|a состав
|
| 610 |
1 |
|
|a литологические исследования
|
| 610 |
1 |
|
|a литологический контроль
|
| 610 |
1 |
|
|a конференции
|
| 610 |
1 |
|
|a Новосибирск
|
| 675 |
|
|
|a 551.14(063)
|v 3
|
| 702 |
|
1 |
|a Соболев
|b Н. В.
|4 340
|
| 712 |
0 |
2 |
|a Академия наук СССР (АН СССР)
|b Сибирское отделение (СО)
|b Институт геологии и геофизики (ИГиГ)
|c (Новосибирск)
|2 stltpush
|3 (RuTPU)RU\TPU\col\128
|
| 712 |
1 |
2 |
|a Состав и процессы глубинных зон континентальной литосферы
|b симпозиум
|e Новосибирск
|f 1988
|
| 801 |
|
1 |
|a RU
|b 63413507
|c 20140528
|
| 801 |
|
2 |
|a RU
|b 63413507
|c 20150206
|g RCR
|
| 942 |
|
|
|c BK
|